El niño anormal (Record no. 52786)

MARC details
000 -LEADER
campo de control de longitud fija 00550nam a2200169 i 4500
001 - NÚMERO DE CONTROL
campo de control 52786
003 - IDENTIFICADOR DE NÚMERO DE CONTROL
campo de control ES-MaACL
005 - FECHA Y HORA DE LA ÚLTIMA TRANSACCIÓN
campo de control 20230906162638.0
007 - CAMPO FIJO DE DESCRIPCIÓN FÍSICA--INFORMACIÓN GENERAL
campo de control de longitud fija t|
008 - DATOS DE LONGITUD FIJA--INFORMACIÓN GENERAL
campo de control de longitud fija 030904s1934 sp ||||1| spa d
100 1# - ENTRADA PRINCIPAL--NOMBRE DE PERSONA
Nombre de persona Decroly, Ovide.
9 (RLIN) 43187
245 13 - MENCIÓN DEL TÍTULO
Título El niño anormal
Resto del título : estudios pedagógicos y psicológicos /
Mención de responsabilidad, etc. Ovide Decroly ; traducción de Jacobo Orellana Garrido.
260 ## - PUBLICACIÓN, DISTRIBUCIÓN, ETC.
Lugar de publicación, distribución, etc. Madrid :
Nombre del editor, distribuidor, etc. [s.n.],
Fecha de publicación, distribución, etc. 1934 (
Fabricante Imp. Torrent)
300 ## - DESCRIPCIÓN FÍSICA
Extensión 243 p. ;
Dimensiones 23 cm.
700 1# - ENTRADA AGREGADA--NOMBRE PERSONAL
Nombre de persona Orellana Garrido, Jacobo.
9 (RLIN) 87228
852 ## - LOCALIZACIÓN
Ubicación ES-MaACL
Número de control de estantería A-4821
Sublocalización o colección R.16774
Holdings
Estatus retirado Estado de pérdida Estado de daño No para préstamo Biblioteca de origen Biblioteca actual Ubicación en estantería Fecha de adquisición Fuente de adquisición Total de préstamos Signatura topográfica completa Código de barras Visto por última vez Precio de reemplazo Tipo de ítem Koha
        Biblioteca del Ateneo de Madrid Biblioteca del Ateneo de Madrid Sala Pecera Planta 1 17/01/2008     A-4821 1055477 23/02/2023 23/02/2023 Libro impreso